00315nam a2200121Ia 4500008004100000041000800041082001700049100001600066245004400082260002600126300003200152365000900184240624s9999 xx 000 0 und d aeng a658.4092 PAG aPAGE RODNEY aLEADING YOUR BUSINESS TO THE NEXT LEVEL c2005aLondonbPraeger axvii, : 200 : p. : cm. ; 24 cb26